[Event "ARS Festival"]
[Site "Roma ITA"]
[Date "1995.02.??"]
[Round "?"]
[White "Laudati, Adriano"]
[Black "Barro, Carlo"]
[Result "1-0"]
[WhiteElo "1729"]
[BlackElo "1636"]
[PlyCount "113"]
[EventDate "1995.02.??"]

1. e4 c5 2. Nf3 d6 3. d4 cxd4 4. Nxd4 a6 5. c4 e6 6. Nc3 Nf6 7. Be3 Bd7 8. Be2
Be7 9. O-O O-O 10. f4 Nc6 11. Bf3 Rc8 12. Qe2 Qc7 13. b3 Ne8 14. Qf2 Bf6 15.
Nxc6 bxc6 16. Rac1 Qa5 17. e5 dxe5 18. Bc5 e4 19. Nxe4 Bd8 20. Bxf8 Kxf8 21.
Qc5+ Qxc5+ 22. Nxc5 Bb6 23. b4 a5 24. Kh1 Nf6 25. Nxd7+ Nxd7 26. Rfd1 Ke7 27.
bxa5 Bxa5 28. Rb1 Nc5 29. g3 g6 30. Kg2 Bc7 31. Bxc6 Bd6 32. Bf3 Rc7 33. Rb6
Rd7 34. Rc6 Na4 35. Rd2 Nc5 36. Rdxd6 Rxd6 37. Rxc5 Rd2+ 38. Kh3 Rxa2 39. Rc7+
Kf6 40. c5 Ra3 41. Kg2 Ra2+ 42. Kg1 Ra1+ 43. Kf2 Ra2+ 44. Be2 Rc2 45. c6 e5 46.
Ke3 exf4+ 47. gxf4 Ke6 48. Kd3 Rc1 49. Bf3 Rf1 50. Ke2 Rc1 51. Rd7 Rc5 52. Rd2
f5 53. Kd1 Rc3 54. Bg2 h6 55. Rc2 Rxc2 56. Kxc2 Kd6 57. h4 1-0

[Event "ARS Festival"]
[Site "Roma ITA"]
[Date "1995.02.??"]
[Round "?"]
[White "Laudati, Adriano"]
[Black "Ludovici, Roberto"]
[Result "1-0"]
[WhiteElo "1729"]
[BlackElo "1827"]
[PlyCount "59"]
[EventDate "1995.02.??"]

1. e4 c5 2. Nf3 Nc6 3. d4 cxd4 4. Nxd4 g6 5. Nc3 Bg7 6. Be3 Qa5 7. Qd2 Nf6 8.
Nb3 Qd8 9. Be2 d6 10. h3 Bd7 11. O-O Rc8 12. f4 O-O 13. Rad1 Be6 14. g4 a6 15.
g5 Nxe4 16. Nxe4 Bxh3 17. Rf3 Bg4 18. Rg3 Bxe2 19. Qxe2 Bxb2 20. c3 Ba3 21. Rh3
Kg7 22. Rxh7+ Kxh7 23. Qh2+ Kg8 24. Qh6 Qe8 25. f5 gxf5 26. Nf6+ exf6 27. gxf6
Qxe3+ 28. Qxe3 Ne5 29. Qg5+ Ng6 30. Qh6 1-0

[Event "ARS Festival"]
[Site "Roma ITA"]
[Date "1995.02.??"]
[Round "?"]
[White "Laudati, Adriano"]
[Black "Madeddu, Luigi"]
[Result "1-0"]
[WhiteElo "1729"]
[BlackElo "1627"]
[PlyCount "102"]
[EventDate "1995.02.??"]

1. e4 d5 2. exd5 Nf6 3. d4 g6 4. c4 b5 5. c5 a6 6. Nc3 Nxd5 7. Nf3 Bg7 8. a4 b4
9. Nxd5 Qxd5 10. Be3 O-O 11. a5 Bf5 12. Be2 b3 13. O-O Nc6 14. Qd2 Rfd8 15. Ra4
Bc2 16. Bd1 Bxd1 17. Rxd1 Rab8 18. Kf1 e6 19. Qc3 Qh5 20. Rd2 Ne7 21. Rb4 Rxb4
22. Qxb4 Qd5 23. Rd3 Nc6 24. Qxb3 Qf5 25. Qd1 Nxa5 26. Ra3 Nc4 27. Rxa6 Nxb2
28. Qe2 Nd3 29. Qc2 Qe4 30. Ne1 Rxd4 31. Nxd3 Rxd3 32. Ra8+ Qxa8 33. Qxd3 Qa1+
34. Ke2 Qa2+ 35. Ke1 Qa5+ 36. Ke2 Qa2+ 37. Ke1 Qd5 38. Qb5 Bc3+ 39. Ke2 c6 40.
Qb8+ Kg7 41. Qb6 Qxg2 42. Qc7 Qg4+ 43. Kd3 Bf6 44. Qxc6 Qd1+ 45. Kc4 Qc2+ 46.
Kb5 Qb3+ 47. Ka6 Qa3+ 48. Kb7 Qb4+ 49. Qb6 Qe4+ 50. c6 Be5 51. Kc8 51... Bxh2 {
...} 1-0

[Event "ARS Festival"]
[Site "Roma ITA"]
[Date "1995.02.??"]
[Round "?"]
[White "Laudati, Adriano"]
[Black "Russo, Roberto"]
[Result "1-0"]
[WhiteElo "1729"]
[BlackElo "1570"]
[PlyCount "59"]
[EventDate "1995.02.??"]

1. e4 d6 2. d4 Nf6 3. Nc3 g6 4. Bg5 Nbd7 5. Qd2 c6 6. Bd3 Qc7 7. f4 Bg7 8. Nf3
b5 9. O-O Nb6 10. Rac1 O-O 11. h3 b4 12. Ne2 c5 13. dxc5 dxc5 14. e5 Nfd5 15.
f5 c4 16. Be4 Qc5+ 17. Kh1 f6 18. Bh6 Rb8 19. fxg6 f5 20. Bxd5+ Nxd5 21. gxh7+
Kh8 22. Bxg7+ Kxg7 23. Qg5+ Kxh7 24. Qh5+ Kg7 25. Ng5 Rh8 26. Qf7+ Kh6 27. Ne6
Bxe6 28. Qxe6+ Kg7 29. Rxf5 Rh6 30. Rg5+ 1-0

[Event "ARS Festival"]
[Site "Roma ITA"]
[Date "1995.02.??"]
[Round "?"]
[White "Ludovici, Roberto"]
[Black "Farina, Saverio"]
[Result "0-1"]
[WhiteElo "1827"]
[BlackElo "2120"]
[PlyCount "64"]
[EventDate "1995.02.??"]

1. e4 e6 2. Nf3 d5 3. Nc3 c5 4. Bb5+ Nc6 5. exd5 exd5 6. Ne5 Qd6 7. O-O Be6 8.
d4 Rc8 9. Bf4 Qd8 10. Nxc6 bxc6 11. Ba6 Nf6 12. Bxc8 Qxc8 13. Re1 Be7 14. dxc5
Bxc5 15. Bg5 Be7 16. Qd4 Qb8 17. Na4 O-O 18. Nc5 Bxc5 19. Qxc5 Ne4 20. Qe3 Qxb2
21. Be7 Re8 22. c4 Rxe7 23. Rab1 Qe5 24. f3 Bf5 25. fxe4 Bxe4 26. cxd5 cxd5 27.
Rb4 h6 28. Ra4 Rc7 29. Qd2 Qf6 30. Rc1 Qb6+ 31. Kh1 Qb5 32. Ra3 Qe2 0-1

[Event "ARS Festival"]
[Site "Roma ITA"]
[Date "1995.02.??"]
[Round "?"]
[White "Ludovici, Roberto"]
[Black "Marta, Daniele"]
[Result "1-0"]
[WhiteElo "1827"]
[BlackElo "1600"]
[PlyCount "183"]
[EventDate "1995.02.??"]

1. e4 e6 2. Nf3 d5 3. Nc3 Nf6 4. e5 Nfd7 5. Be2 c5 6. O-O Nc6 7. Bb5 Qc7 8. Re1
Be7 9. Bxc6 bxc6 10. b3 Ba6 11. Bb2 Rb8 12. d3 O-O 13. Ne2 c4 14. dxc4 Bxc4 15.
Ng3 Ba6 16. h3 c5 17. Qd2 c4 18. Qf4 f5 19. Nd4 Qb6 20. Rad1 g6 21. Nf1 cxb3
22. axb3 Bxf1 23. Rxf1 Rf7 24. Ra1 Rc8 25. Ra2 Nc5 26. Rfa1 Bd8 27. Nf3 Rc6 28.
Bd4 a5 29. Rxa5 Qxa5 30. Rxa5 Bxa5 31. Ng5 Re7 32. Nf3 Rf7 33. Be3 Ne4 34. Nd4
Ra6 35. Qf3 Re7 36. Qe2 Rb6 37. Nf3 Rbb7 38. Bh6 Bb6 39. Be3 Ba5 40. Qa6 Bc3
41. Bh6 Rb8 42. Qc6 Bb2 43. Be3 Kg7 44. Bd4 Bxd4 45. Nxd4 Kf7 46. f3 Ng3 47.
Qc3 Reb7 48. Qd2 Kg8 49. Qg5 Nh5 50. g4 fxg4 51. hxg4 Ng7 52. Kg2 Rc7 53. Qd2
Kf7 54. c3 h5 55. Nb5 Rd7 56. Nd6+ Kg8 57. b4 hxg4 58. fxg4 Ne8 59. Nxe8 Rxe8
60. Qg5 Rg7 61. Qf6 Ree7 62. b5 Kh7 63. Kg3 Rgf7 64. Qh4+ Kg7 65. g5 Kg8 66.
Qh6 Rg7 67. Kf4 Rb7 68. Qh3 Kf7 69. Qd3 Ke7 70. Kg4 Kf7 71. Qf3+ Kg8 72. Qf6
Rbe7 73. b6 Kh7 74. Qf8 Rb7 75. Qd6 Rbe7 76. b7 Rxb7 77. Qxe6 Rbd7 78. Qb6 Rge7
79. e6 Rc7 80. Qd6 Rc4+ 81. Kf3 Rxc3+ 82. Ke2 Rec7 83. e7 Rc2+ 84. Ke3 R7c3+
85. Kd4 Rc4+ 86. Kxd5 Rd2+ 87. Kxc4 Rxd6 88. e8=Q Rd1 89. Qf7+ Kh8 90. Qxg6 Rg1
91. Qh6+ Kg8 92. g6 1-0

[Event "ARS Festival"]
[Site "Roma ITA"]
[Date "1995.02.??"]
[Round "?"]
[White "Ludovici, Roberto"]
[Black "Pierangeli, Andrea"]
[Result "0-1"]
[WhiteElo "1827"]
[BlackElo "1711"]
[PlyCount "101"]
[EventDate "1995.02.??"]

1. e4 c5 2. Nf3 b6 3. d4 cxd4 4. Nxd4 Bb7 5. Bd3 e5 6. Nf5 Nf6 7. Bg5 d6 8. Nc3
h6 9. Bd2 g6 10. Ne3 Bg7 11. O-O O-O 12. f4 Nc6 13. f5 Ne7 14. Ng4 Kh7 15.
Nxf6+ Bxf6 16. Qg4 gxf5 17. Qh5 f4 18. Bxf4 Bg7 19. Be3 Ng6 20. Rf3 Qh4 21.
Qxh4 Nxh4 22. Rh3 Ng6 23. Rf1 Bc8 24. Rhf3 Be6 25. Nd5 Bxd5 26. exd5 Kg8 27.
Rh3 Rae8 28. Bxh6 e4 29. Bxg7 Kxg7 30. Be2 Re5 31. c4 f5 32. Ra3 Re7 33. g3 Kf6
34. Kf2 Ke5 35. Bh5 Nh8 36. Be2 Nf7 37. Ke3 Ng5 38. h4 Nh3 39. Rc3 f4+ 40.
gxf4+ Nxf4 41. Rg1 Nxe2 42. Kxe2 Rf4 43. Rg5+ Kd4 44. Rg6 Rxh4 45. Rxd6 Rh2+
46. Ke1 Rxb2 47. Rc1 Rh7 48. Rf6 Rh1+ 49. Rf1 Rhh2 50. Rg1 Kc5 51. Rf1 0-1

[Event "ARS Festival"]
[Site "Roma ITA"]
[Date "1995.02.??"]
[Round "?"]
[White "Maddaloni, Giovanni"]
[Black "Bellincampi, Stefano"]
[Result "0-1"]
[WhiteElo "1637"]
[BlackElo "2060"]
[PlyCount "108"]
[EventDate "1995.02.??"]

1. e4 c5 2. Nc3 Nc6 3. g3 g6 4. Bg2 Bg7 5. Nh3 d6 6. O-O e6 7. d3 Nge7 8. Be3
O-O 9. Qd2 Rb8 10. Bh6 b5 11. Bxg7 Kxg7 12. f4 Qb6 13. Kh1 b4 14. Nd1 Nd4 15.
Ne3 Bd7 16. g4 f5 17. Rf2 a5 18. Rg1 a4 19. gxf5 exf5 20. Nc4 Qc7 21. c3 Ndc6
22. Ng5 Na5 23. Nxa5 Qxa5 24. exf5 Nxf5 25. Re1 bxc3 26. bxc3 Rfe8 27. Bd5
Rxe1+ 28. Qxe1 Re8 29. Qd2 Qb6 30. Re2 Qb1+ 31. Kg2 Nh4+ 32. Kf2 Nf5 33. Rxe8
Bxe8 34. Qe2 Bd7 35. h4 Qc1 36. Ne6+ Bxe6 37. Qxe6 Qxf4+ 38. Ke1 Qxh4+ 39. Ke2
Qg4+ 40. Ke1 Qg3+ 41. Ke2 Qh2+ 42. Ke1 Qe5+ 43. Qxe5+ dxe5 44. a3 Ne3 45. Bc6
Nc2+ 46. Kd2 Nxa3 47. Kc1 c4 48. d4 exd4 49. Kb2 dxc3+ 50. Kxa3 Kf6 51. Bxa4
Ke5 52. Bc2 g5 53. Bxh7 g4 54. Kb4 g3 0-1

[Event "ARS Festival"]
[Site "Roma ITA"]
[Date "1995.02.??"]
[Round "?"]
[White "Maddaloni, Giovanni"]
[Black "Bernardi, Giancarlo"]
[Result "1-0"]
[WhiteElo "1637"]
[BlackElo "1588"]
[PlyCount "43"]
[EventDate "1995.02.??"]

1. e4 e6 2. d4 d5 3. e5 c5 4. Nf3 Nc6 5. Bd3 Qc7 6. O-O cxd4 7. Re1 Bd7 8. a3
g6 9. Nbd2 Bg7 10. Qe2 Nge7 11. Nf1 O-O 12. Bf4 Qc8 13. h4 h5 14. N1h2 Nf5 15.
g4 hxg4 16. Nxg4 Nce7 17. Nf6+ Bxf6 18. exf6 Nc6 19. Bxf5 exf5 20. Bh6 Re8 21.
Qd2 Re6 22. Bg7 1-0

[Event "ARS Festival"]
[Site "Roma ITA"]
[Date "1995.02.??"]
[Round "?"]
[White "Maddaloni, Giovanni"]
[Black "Buffoni, Luca"]
[Result "1/2-1/2"]
[WhiteElo "1637"]
[BlackElo "1561"]
[PlyCount "22"]
[EventDate "1995.02.??"]

1. e4 e5 2. Nf3 Nf6 3. d4 Nxe4 4. Bd3 d5 5. Nxe5 Bd6 6. O-O O-O 7. c4 c6 8. Nc3
Nxc3 9. bxc3 Nd7 10. cxd5 cxd5 11. h3 Nf6 1/2-1/2

[Event "ARS Festival"]
[Site "Roma ITA"]
[Date "1995.02.??"]
[Round "?"]
[White "Maddaloni, Giovanni"]
[Black "Tosoni, Augusto"]
[Result "0-1"]
[WhiteElo "1637"]
[BlackElo "1936"]
[PlyCount "106"]
[EventDate "1995.02.??"]

1. d4 Nf6 2. c4 g6 3. Nc3 Bg7 4. e4 d6 5. Nge2 Nbd7 6. Ng3 c5 7. d5 O-O 8. Be2
a6 9. a4 Ne8 10. O-O e5 11. Ra3 f5 12. exf5 gxf5 13. Nh5 Bh8 14. f4 e4 15. Be3
Ndf6 16. Qd2 Nxh5 17. Bxh5 Nf6 18. Bd1 h5 19. Na2 Ng4 20. Bxg4 hxg4 21. Bf2 Rf7
22. h4 Bf6 23. g3 Rg7 24. b4 b6 25. Rb1 Rb7 26. bxc5 bxc5 27. Rxb7 Bxb7 28. Nc3
Rb8 29. a5 Bc8 30. Na4 Rb1+ 31. Kg2 Bd7 32. Qc2 Rb4 33. Kf1 Qxa5 34. Be1 Bxa4
35. Bxb4 Bxc2 36. Bxa5 Bd3+ 37. Ke1 Bxc4 38. Bc7 Bb2 39. Ra4 Bc3+ 40. Kf2 Bd4+
41. Ke1 Bb5 42. Ra3 c4 43. Bxd6 c3 44. Kd1 Bd3 45. Ra2 Bc4 46. Rh2 Bxd5 47. Be5
Bb3+ 48. Kc1 Be3+ 49. Kb1 c2+ 50. Rxc2 Bxc2+ 51. Kxc2 Bf2 52. Kd2 Bxg3 53. h5
Kh7 0-1

[Event "ARS Festival"]
[Site "Roma ITA"]
[Date "1995.02.??"]
[Round "?"]
[White "Madeddu, Luigi"]
[Black "Bernardi, Giancarlo"]
[Result "0-1"]
[WhiteElo "1627"]
[BlackElo "1588"]
[PlyCount "48"]
[EventDate "1995.02.??"]

1. c4 e6 2. Nc3 d5 3. cxd5 exd5 4. d4 Nf6 5. Bg5 Be7 6. Nf3 c6 7. e3 Nbd7 8.
Bd3 h6 9. Bf4 Nh5 10. Bg3 Nxg3 11. hxg3 Nf6 12. Ne5 Be6 13. f4 Qc8 14. Qc2 Ng4
15. Nxg4 Bxg4 16. Nd1 Bb4+ 17. Nc3 O-O 18. f5 f6 19. Rh4 h5 20. Kd2 Qc7 21. a3
Qxg3 22. Rxg4 Bxc3+ 23. Kxc3 hxg4 24. Re1 Qxe1+ 0-1

[Event "ARS Festival"]
[Site "Roma ITA"]
[Date "1995.02.??"]
[Round "?"]
[White "Madeddu, Luigi"]
[Black "Maddaloni, Giovanni"]
[Result "1-0"]
[WhiteElo "1627"]
[BlackElo "1637"]
[PlyCount "55"]
[EventDate "1995.02.??"]

1. c4 Nf6 2. Nc3 e6 3. e4 c5 4. d3 Nc6 5. Nf3 a6 6. a4 d6 7. g3 h6 8. Bg2 Be7
9. O-O e5 10. h3 O-O 11. Be3 Be6 12. Nd5 Rb8 13. Qd2 Nd4 14. Rab1 b5 15. axb5
axb5 16. b4 Nxf3+ 17. Bxf3 Bxh3 18. Nxe7+ Qxe7 19. Rfc1 bxc4 20. Rxc4 Qa7 21.
Bxh6 gxh6 22. Qxh6 Be6 23. Qxf6 Qa2 24. Rcc1 Qd2 25. Kg2 Bh3+ 26. Kxh3 Qxf2 27.
Qg5+ Kh7 28. Bg4 1-0

[Event "ARS Festival"]
[Site "Roma ITA"]
[Date "1995.02.??"]
[Round "?"]
[White "Madeddu, Luigi"]
[Black "Pezzaldi, Roberto"]
[Result "0-1"]
[WhiteElo "1627"]
[BlackElo "1791"]
[PlyCount "78"]
[EventDate "1995.02.??"]

1. c4 e6 2. Nc3 f5 3. Nf3 Nf6 4. g3 Be7 5. Bg2 O-O 6. O-O d6 7. d4 Qe8 8. Qc2
Qg6 9. Nh4 Qh5 10. Bf3 Ng4 11. h3 Bxh4 12. hxg4 fxg4 13. Bg2 Be7 14. e4 Nc6 15.
Be3 Bd7 16. Ne2 e5 17. d5 Nd8 18. b4 Bg5 19. Qd2 Nf7 20. Qd3 Bxe3 21. Qxe3 Ng5
22. Rfc1 Nh3+ 23. Bxh3 Qxh3 24. Qg5 Rf6 25. Qh4 Qxh4 26. gxh4 Rh6 27. Kg2 Rxh4
28. Rh1 Rh3 29. Ng3 g6 30. Rac1 h5 31. c5 h4 32. Nf1 Rf3 33. Rc2 Bb5 34. cxd6
cxd6 35. Nh2 Rf4 36. Re1 Bd3 37. Rd2 Bxe4+ 38. Rxe4 Rxe4 39. Rc2 Rxb4 0-1

[Event "ARS Festival"]
[Site "Roma ITA"]
[Date "1995.02.??"]
[Round "?"]
[White "Madeddu, Luigi"]
[Black "Righetti, Gianfranco"]
[Result "1-0"]
[WhiteElo "1627"]
[BlackElo "1660"]
[PlyCount "53"]
[EventDate "1995.02.??"]

1. c4 e5 2. Nc3 Nf6 3. g3 Nc6 4. Bg2 Bc5 5. e3 d6 6. Nge2 Bg4 7. O-O Qd7 8. Re1
O-O-O 9. a3 h5 10. b4 Bb6 11. h4 Rhg8 12. Na4 Bh3 13. Bh1 Bg4 14. Nxb6+ axb6
15. Qa4 Qf5 16. Nc3 Bf3 17. e4 Qg4 18. Bxf3 Qxf3 19. Re3 Qg4 20. Qa8+ Kd7 21.
Qa4 Qh3 22. Bb2 Ng4 23. Rf3 Ke6 24. Nd5 Rc8 25. Qb5 Nd4 26. Bxd4 exd4 27. Nf4+
1-0

[Event "ARS Festival"]
[Site "Roma ITA"]
[Date "1995.02.??"]
[Round "?"]
[White "Marino Bravo, Marco Antonio"]
[Black "Laudati, Adriano"]
[Result "1-0"]
[WhiteElo "2165"]
[BlackElo "1729"]
[PlyCount "41"]
[EventDate "1995.02.??"]

1. e4 c5 2. Nf3 d6 3. g3 g6 4. Bg2 Bg7 5. d3 Nc6 6. Nc3 Nf6 7. O-O O-O 8. h3 a6
9. Be3 e6 10. Qd2 Qc7 11. Nh2 b6 12. f4 Bb7 13. g4 Ne7 14. f5 d5 15. Bh6 dxe4
16. Bxg7 Kxg7 17. g5 exf5 18. gxf6+ Kxf6 19. Qh6 exd3 20. Rae1 Bxg2 21. Ng4#
1-0

[Event "ARS Festival"]
[Site "Roma ITA"]
[Date "1995.02.??"]
[Round "?"]
[White "Marino Bravo, Marco Antonio"]
[Black "Pezzaldi, Roberto"]
[Result "1-0"]
[WhiteElo "2165"]
[BlackElo "1791"]
[PlyCount "103"]
[EventDate "1995.02.??"]

1. e4 e6 2. d4 d5 3. Nc3 Bb4 4. e5 c5 5. Bd2 Bxc3 6. bxc3 Ne7 7. Qg4 Ng6 8. h4
h5 9. Qg3 c4 10. Be2 Bd7 11. Nf3 Ba4 12. Rc1 Nc6 13. Ng5 Nce7 14. Bxh5 Rxh5 15.
Qf3 Rxg5 16. Bxg5 Qd7 17. h5 Nh8 18. Rh4 O-O-O 19. Rf4 Rf8 20. g4 Ng8 21. Kd2
Qb5 22. Bh4 Nh6 23. Be7 Re8 24. Ba3 Qa5 25. Bc5 b6 26. Bb4 Qb5 27. Qh3 a5 28.
Ba3 Qd7 29. Rg1 Qb5 30. Qh4 Qd7 31. Rb1 Kc7 32. Bd6+ Kc6 33. Qg5 f6 34. Rxf6
gxf6 35. Qxh6 fxe5 36. Bxe5 Nf7 37. Qf6 Nxe5 38. Qxe5 Qh7 39. Rb2 Qh6+ 40. f4
Kb7 41. Qd6 Bc6 42. Rb1 Qh7 43. Qe5 Qh6 44. Re1 Rf8 45. Ke3 Ba4 46. Re2 Qh7 47.
Kf3 Re8 48. f5 exf5 49. Qxf5 Qxf5+ 50. gxf5 Kc7 51. Rxe8 Bxe8 52. h6 1-0

[Event "ARS Festival"]
[Site "Roma ITA"]
[Date "1995.02.??"]
[Round "?"]
[White "Marino Bravo, Marco Antonio"]
[Black "Quimi, Marco"]
[Result "0-1"]
[WhiteElo "2165"]
[BlackElo "2200"]
[PlyCount "200"]
[EventDate "1995.02.??"]

1. e4 c5 2. Nf3 d6 3. g3 g6 4. Bg2 Bg7 5. d3 Nc6 6. Nc3 e6 7. O-O Nge7 8. Be3
O-O 9. Qd2 Re8 10. d4 b6 11. Rad1 Ba6 12. Rfe1 Qc7 13. d5 exd5 14. exd5 Ne5 15.
Nxe5 Bxe5 16. Bf4 Bd4 17. Re4 Nf5 18. Rde1 Ng7 19. Rxe8+ Rxe8 20. Ne4 Nh5 21.
Bxd6 Qd7 22. c3 Bg7 23. Bf4 Nxf4 24. gxf4 Kf8 25. b3 h6 26. c4 Bb7 27. Ng3 f5
28. Rxe8+ Qxe8 29. Qe3 Bd4 30. Qxe8+ Kxe8 31. Kf1 Kd7 32. Ke2 Kd6 33. a4 a6 34.
Nf1 Bc8 35. Ne3 Bd7 36. Nc2 Bb2 37. Kf3 Bf6 38. Bf1 Bb2 39. Bd3 Ke7 40. Ne3 Bd4
41. Nc2 Bc3 42. Ne3 Bh8 43. Bb1 Bg7 44. Bd3 Bf8 45. Nd1 Kf6 46. Nc3 Bd6 47. Ne2
g5 48. Bc2 Be8 49. fxg5+ hxg5 50. Kg2 Ke5 51. h3 Bd7 52. f4+ Kf6 53. Kf3 Be8
54. fxg5+ Kxg5 55. h4+ Kf6 56. Ng3 Bg6 57. h5 Bh7 58. Bd1 Kg5 59. Be2 Kh4 60.
Nf1 Kxh5 61. Bd3 Kg5 62. Ne3 Bg6 63. Ng2 Bh5+ 64. Kf2 Be5 65. Be2 Bd4+ 66. Kf1
Be8 67. Bf3 Bd7 68. Ke2 Bc3 69. Kd3 Be5 70. Ke2 Bd6 71. Kd3 Kf6 72. Ke3 Kg5 73.
Kd3 Be8 74. Ke2 Kf6 75. Ke3 Kg5 76. Ke2 Bg6 77. Kf2 Kf6 78. Bd1 Ke5 79. Ke3 Be7
80. a5 bxa5 81. Ne1 f4+ 82. Ke2 Kd4 83. Kd2 Ke5 84. Nf3+ Kf6 85. Kc3 Bd6 86.
Kb2 Bh5 87. Ka3 Be8 88. Be2 Bd7 89. Bd3 Be5 90. Nxe5 Kxe5 91. Be2 Ke4 92. Kb2
f3 93. Bf1 Ke3 94. Kc2 a4 95. b4 cxb4 96. c5 Bf5+ 97. Kb2 Kd4 98. c6 Kxd5 99.
c7 Kd6 100. Bxa6 Kxc7 0-1

[Event "ARS Festival"]
[Site "Roma ITA"]
[Date "1995.02.??"]
[Round "?"]
[White "Marino Bravo, Marco Antonio"]
[Black "Tosoni, Augusto"]
[Result "1-0"]
[WhiteElo "2165"]
[BlackElo "1936"]
[PlyCount "65"]
[EventDate "1995.02.??"]

1. e4 e6 2. d4 d5 3. Nc3 Bb4 4. e5 c5 5. Bd2 Ne7 6. dxc5 Bxc5 7. Qg4 Qb6 8.
O-O-O Bxf2 9. Qxg7 Rg8 10. Qxh7 Bd7 11. Nf3 Be3 12. h4 Na6 13. Ng5 O-O-O 14.
Nxf7 Nf5 15. Nxd8 Rxd8 16. Bxa6 Qxa6 17. Kb1 Kb8 18. g4 Bxd2 19. Rxd2 Ne3 20.
Qe7 Rc8 21. Qxd7 Nc4 22. Rd4 Nxe5 23. Qa4 Qb6 24. Rb4 Qe3 25. Qb3 d4 26. Rxb7+
Ka8 27. Nb5 Qxb3 28. Rxa7+ Kb8 29. axb3 Rc5 30. Rg7 Rxb5 31. h5 Nf3 32. h6 Ra5
33. Rd1 1-0

[Event "ARS Festival"]
[Site "Roma ITA"]
[Date "1995.02.??"]
[Round "?"]
[White "Marta, Daniele"]
[Black "Baldini, Savino"]
[Result "1-0"]
[WhiteElo "1600"]
[BlackElo "1788"]
[PlyCount "123"]
[EventDate "1995.02.??"]

1. d4 d5 2. Nf3 e6 3. c3 f5 4. Bg5 Be7 5. Bxe7 Qxe7 6. e3 Nf6 7. Nbd2 O-O 8. c4
c6 9. Bd3 Bd7 10. O-O Be8 11. cxd5 cxd5 12. Rc1 Nc6 13. a3 a5 14. Qb3 a4 15.
Qc2 Ne4 16. Rfd1 Bh5 17. Re1 Rfc8 18. Bb5 Qd8 19. Bxc6 Rxc6 20. Qb1 Bxf3 21.
Nxf3 Rac8 22. Rxc6 Rxc6 23. Ne5 Rc7 24. f3 Nd2 25. Qd3 Nc4 26. Nxc4 Rxc4 27.
Re2 Qc7 28. g3 Kf7 29. e4 Qb6 30. exf5 Rxd4 31. fxe6+ Ke7 32. Qe3 Rd1+ 33. Kf2
Qxe3+ 34. Rxe3 Rd2+ 35. Re2 Rxe2+ 36. Kxe2 Kxe6 37. Ke3 Ke5 38. f4+ Kf5 39. h3
Ke6 40. Kd4 Kd6 41. g4 b6 42. h4 g6 43. f5 gxf5 44. gxf5 h5 45. f6 Ke6 46. f7
Kxf7 47. Kxd5 Kf6 48. Kc6 Kf5 49. Kxb6 Kg4 50. Ka5 Kxh4 51. Kxa4 Kg5 52. b4 Kf5
53. Ka5 Ke6 54. b5 Kd7 55. Ka6 h4 56. b6 h3 57. b7 h2 58. b8=Q h1=Q 59. Qb7+
Qxb7+ 60. Kxb7 Kd6 61. a4 Kc5 62. a5 1-0

[Event "ARS Festival"]
[Site "Roma ITA"]
[Date "1995.02.??"]
[Round "?"]
[White "Marta, Daniele"]
[Black "Iatrino, Vincenzo"]
[Result "1-0"]
[WhiteElo "1600"]
[BlackElo "1716"]
[PlyCount "65"]
[EventDate "1995.02.??"]

1. d4 f5 2. c4 Nf6 3. Nc3 e6 4. g3 Be7 5. Bg2 O-O 6. Nf3 d6 7. O-O Qe8 8. b4 c6
9. Qb3 Qh5 10. Bb2 Nbd7 11. d5 e5 12. dxc6 bxc6 13. Rad1 e4 14. Nd4 Ne5 15. h3
Bd7 16. a4 Rab8 17. Ba3 g5 18. c5+ d5 19. b5 f4 20. Nxe4 Nxe4 21. Bxe4 Bxh3 22.
Nxc6 Nxc6 23. Bxd5+ Kg7 24. Bxc6 Bxf1 25. Bb2+ Bf6 26. Rd7+ Rf7 27. Bxf6+ Kxf6
28. Qc3+ Ke6 29. Qc4+ Kf6 30. Qd4+ Kf5 31. Be4+ Kg4 32. Bf3+ Kh3 33. Bxh5 1-0

[Event "ARS Festival"]
[Site "Roma ITA"]
[Date "1995.02.??"]
[Round "?"]
[White "Marta, Daniele"]
[Black "Pezzaldi, Roberto"]
[Result "1/2-1/2"]
[WhiteElo "1600"]
[BlackElo "1791"]
[PlyCount "42"]
[EventDate "1995.02.??"]

1. d4 e6 2. e4 d5 3. exd5 exd5 4. Nf3 Nf6 5. Bd3 Bd6 6. O-O O-O 7. Re1 Bg4 8.
Bg5 c6 9. Nbd2 Nbd7 10. c3 Qc7 11. Qc2 h6 12. Bh4 Rfe8 13. Rac1 Bf4 14. Rb1 Ne4
15. Bxe4 dxe4 16. Rxe4 g6 17. Rbe1 Rxe4 18. Qxe4 Bf5 19. Qe2 Bg4 20. Qe4 Bf5
21. Qe2 Bg4 1/2-1/2

[Event "ARS Festival"]
[Site "Roma ITA"]
[Date "1995.02.??"]
[Round "?"]
[White "Michelena, Rodolfo"]
[Black "Casula, Stefano"]
[Result "1-0"]
[WhiteElo "1600"]
[BlackElo "1978"]
[PlyCount "67"]
[EventDate "1995.02.??"]

1. c4 Nf6 2. d4 e6 3. Nc3 d5 4. Bg5 dxc4 5. e3 Bb4 6. Bxc4 Nbd7 7. Nf3 O-O 8.
O-O h6 9. Bh4 c5 10. a3 Bxc3 11. bxc3 Qa5 12. Qc2 b5 13. Ba2 c4 14. Bb1 Bb7 15.
Nd2 Rfe8 16. f4 Qc7 17. e4 Qc6 18. Rf2 g6 19. h3 Nh7 20. e5 Nb6 21. Ne4 Nd5 22.
Rf3 a5 23. Nd6 Rf8 24. Ra2 Qd7 25. Nxb7 Qxb7 26. Qe4 Rfc8 27. Rg3 Nf8 28. f5
exf5 29. Qxf5 Nxc3 30. Qh5 Kh7 31. Bg5 Nxb1 32. Qxh6+ Kg8 33. Bf6 Ne6 34. Qh8#
1-0

[Event "ARS Festival"]
[Site "Roma ITA"]
[Date "1995.02.??"]
[Round "?"]
[White "Michelena, Rodolfo"]
[Black "Guarnieri, Giuseppe"]
[Result "0-1"]
[WhiteElo "1600"]
[BlackElo "1752"]
[PlyCount "84"]
[EventDate "1995.02.??"]

1. d4 Nf6 2. c4 g6 3. Nc3 Bg7 4. e4 d6 5. Be2 O-O 6. Nf3 Nbd7 7. O-O e5 8. d5
a5 9. Bg5 h6 10. Bh4 Nc5 11. Nd2 g5 12. Bg3 Nh7 13. f3 f5 14. Bf2 b6 15. a3 f4
16. b4 Nd7 17. bxa5 Rxa5 18. Nb3 Ra8 19. a4 Ndf6 20. a5 h5 21. axb6 Rxa1 22.
Qxa1 cxb6 23. Nb5 g4 24. Qa7 Ne8 25. Qxb6 Qg5 26. fxg4 hxg4 27. g3 f3 28. Bd3
Qh5 29. Be3 Bh6 30. Rf2 Bxe3 31. Qxe3 Ng5 32. Bf1 Qg6 33. Nd2 Ba6 34. Nc3 Nf6
35. Qb6 Bxc4 36. Bxc4 Nh3+ 37. Kh1 Qh6 38. Bf1 Nxf2+ 39. Qxf2 Rc8 40. h3 Rxc3
41. Qb6 Qxd2 42. Qd8+ Kf7 0-1

[Event "ARS Festival"]
[Site "Roma ITA"]
[Date "1995.02.??"]
[Round "?"]
[White "Michelena, Rodolfo"]
[Black "Iatrino, Vincenzo"]
[Result "1-0"]
[WhiteElo "1600"]
[BlackElo "1716"]
[PlyCount "101"]
[EventDate "1995.02.??"]

1. c4 f5 2. d4 Nf6 3. Nc3 e6 4. a3 Be7 5. Nf3 O-O 6. e3 d6 7. Be2 Nc6 8. O-O
Bd7 9. b4 Qe8 10. Bb2 Qg6 11. h3 Qh6 12. Nh2 Kh8 13. f4 Be8 14. d5 exd5 15.
cxd5 Nd8 16. b5 b6 17. a4 Nb7 18. Ba3 Nc5 19. Bxc5 bxc5 20. Rb1 Bf7 21. Bf3 Nh5
22. Bxh5 Bxh5 23. Qe1 Bf7 24. Nf3 Bf6 25. Rd1 Rfe8 26. Qd2 Re7 27. Rde1 Bh5 28.
Rc1 Rae8 29. Rce1 Bf7 30. Nd1 Re4 31. Qa2 Rb4 32. Nd2 Bh5 33. Nf3 Bxf3 34. Rxf3
Ree4 35. Qc2 Rxa4 36. Nf2 Rac4 37. Qa2 Ra4 38. Qc2 Rec4 39. Qxf5 Kg8 40. Qc8+
Kf7 41. Ng4 Qg6 42. Qxc7+ Be7 43. f5 Qg5 44. Rg3 Qh4 45. Rf3 Qxe1+ 46. Rf1 Qg3
47. f6 Kg6 48. Qxe7 Kh5 49. Qxg7 Rxg4 50. Rf5+ Kh4 51. Qxh7# 1-0

[Event "ARS Festival"]
[Site "Roma ITA"]
[Date "1995.02.??"]
[Round "?"]
[White "Michelena, Rodolfo"]
[Black "Pierangeli, Andrea"]
[Result "1-0"]
[WhiteElo "1600"]
[BlackElo "1711"]
[PlyCount "98"]
[EventDate "1995.02.??"]

1. c4 Nf6 2. d4 e6 3. Nc3 d5 4. Bg5 Be7 5. Nf3 Nbd7 6. e3 O-O 7. cxd5 exd5 8.
Bd3 c6 9. O-O Re8 10. Re1 Ne4 11. Bxe7 Qxe7 12. Bxe4 dxe4 13. Nd2 Nf6 14. h3
Bf5 15. a3 Rad8 16. Qa4 a6 17. Nf1 h5 18. Ng3 Bg6 19. Qa5 Nd5 20. Rac1 h4 21.
Nge2 Nxc3 22. Rxc3 Rd5 23. Rc5 Red8 24. Rec1 Bf5 25. Nf4 Rxc5 26. Rxc5 g6 27.
Re5 Qf6 28. Qc7 b5 29. Qb6 Rc8 30. Qxa6 g5 31. Nd5 Qxe5 32. dxe5 cxd5 33. Qxb5
Rc1+ 34. Kh2 Be6 35. Qe2 f6 36. exf6 Kf7 37. b4 Rc4 38. Qb2 Bd7 39. b5 g4 40.
hxg4 Bxg4 41. a4 Rxa4 42. b6 Ra8 43. Qe5 Ra5 44. b7 Rb5 45. b8=Q Rxb8 46. Qxb8
Kxf6 47. Qf4+ Bf5 48. Qxh4+ Ke5 49. Qf4+ Ke6 1-0

[Event "ARS Festival"]
[Site "Roma ITA"]
[Date "1995.02.??"]
[Round "?"]
[White "Pezzaldi, Roberto"]
[Black "Bellincampi, Stefano"]
[Result "1/2-1/2"]
[WhiteElo "1791"]
[BlackElo "2060"]
[PlyCount "62"]
[EventDate "1995.02.??"]

1. c4 c6 2. Nf3 d5 3. b3 Nf6 4. g3 Bg4 5. Bg2 Nbd7 6. Bb2 e6 7. O-O Bd6 8. d3
O-O 9. Nc3 Qe7 10. Qc2 Rfe8 11. h3 Bh5 12. Nh4 g5 13. Nf3 h6 14. e4 dxe4 15.
dxe4 e5 16. Ne2 Nc5 17. g4 Bg6 18. Nd2 a5 19. Ng3 Ne6 20. Nf5 Bxf5 21. exf5 Nf4
22. Ne4 Nxe4 23. Qxe4 f6 24. a4 Red8 25. Rad1 Bb4 26. Qc2 Rac8 27. Rxd8+ Rxd8
28. Rd1 Rd7 29. Bc1 Qd8 30. Rxd7 Qxd7 31. Bxf4 exf4 1/2-1/2